Miejscowości, którym nadano prawa miejskie 1 stycznia 2024 - Statystyki

Ogólne statystyki
  • Ten quiz został rozwiązany 111 razy
  • Średni wynik to 20 z 34
Statystyki odpowiedzi
Litera Miasto Województwo % Poprawnych
I Inowłódz łódzkie
76%
B Bircza podkarpackie
71%
K Kikół kujawsko-pomorskie
71%
B Bogoria świętokrzyskie
69%
J Jawornik Polski podkarpackie
69%
O Osjaków łódzkie
67%
B Bobrowniki kujawsko-pomorskie
64%
B Brody lubuskie
64%
B Bolesławiec łódzkie
62%
B Białaczów łódzkie
60%
C Ciepielów mazowieckie
60%
O Odrzywół mazowieckie
60%
P Piszczac lubelskie
60%
S Siennica mazowieckie
60%
Ż Żarnów łódzkie
60%
G Gąsawa kujawsko-pomorskie
58%
G Grabów łódzkie
58%
K Kiernozia łódzkie
58%
M Maciejowice mazowieckie
58%
M Magnuszew mazowieckie
58%
P Przytyk mazowieckie
58%
C Czemierniki lubelskie
56%
D Dobre mazowieckie
56%
S Strzeleczki opolskie
56%
P Parzęczew łódzkie
53%
P Przyrów śląskie
53%
S Sienno mazowieckie
53%
G Głowaczów mazowieckie
51%
G Gowarczów świętokrzyskie
51%
M Mieścisko wielkopolskie
51%
G Gielniów mazowieckie
49%
O Osieck mazowieckie
49%
R Rychtal wielkopolskie
49%
T Turobin lubelskie
49%
Nie znaleziono quizów pasujących do podanych kryteriów
Rozkład punktacji
Procent ludzi z każdym wynikiem
Percentyl według liczby udzielonych odpowiedzi
Twoja historia wyników
Nie rozwiązałeś tego quizu